01621nam a2200373 a 4500001001200000003000800012006001900020007001500039008004100054010001700095020001800112020001800130020002700148040002100175035002100196050002400217100006000241245017400301260003600475300002300511490012400534504004100658533015200699650002500851650002300876650003300899650006300932650003300995650003001028655002901058710001701087856012601104999001701230ebr10700176CaPaEBRm o u cr cn|||||||||130528s2013 nyud sbs 000 0 eng d z 2008003446 z9780875869643 z9780875869636 z9780875869650 (e-book) aCaPaEBRcCaPaEBR a(OCoLC)84992717314aHC59.3b.A93 2013eb1 aAvakov, Aleksandr V.q(Aleksandr Vladimirovich),d1954-10aQuality of life, balance of power and nuclear weaponsh[electronic resource] :ba statistical yearbook for statesmen and citizens, 2013. Volume 6 /cAlexander V. Avakov. aNew York :bAlgora Pub.,c2013. axi, 182 p. :bill.0 aQuality of life, balance of power and nuclear weapons : a statistical yearbook for statesmen and citizens ;vv. 6, 2013 aIncludes bibliographical references. aElectronic reproduction.bPalo Alto, Calif. :cebrary,d2013.nAvailable via World Wide Web.nAccess may be limited to ebrary affiliated libraries. 0aEconomic indicators. 0aSocial indicators. 0aQuality of lifevStatistics. 0aArmed ForcesxAppropriations and expendituresvStatistics. 0aNuclear weaponsvStatistics. 0aHealth status indicators. 7aElectronic books.2local2 aebrary, Inc.40uhttp://site.ebrary.com/lib/rucke/Doc?id=10700176zAn electronic book accessible through the World Wide Web; click to view c21890d21890